Different Variations - Statistics

General Stats
  • This quiz has been taken 5 times
  • The average score is 9 of 14
Answer Stats
Picture Answer % Correct
Madagascar
100%
France
80%
Saudi Arabia
80%
Spain
80%
Canada
60%
Finland
60%
Indonesia
60%
Mexico
60%
Morocco
60%
USA
60%
Denmark (Greenland)
40%
Israel
40%
Poland
40%
South Africa
40%
No matching quizzes found
Score Distribution
Percent of People with Each Score
Percentile by Number Answered
Your Score History
You have not taken this quiz